| Tag |
First Indicator |
Second Indicator |
Subfields |
| LEADER |
00000cam a2200000 a 4500 |
| 001 |
in00002139754 |
| 006 |
m e d # |
| 007 |
cr mn mmmmabba |
| 008 |
820518s1763 mau s 000 0 eng d |
| 005 |
20260331151634.2 |
| 035 |
|
|
|z t097606
|
| 035 |
|
|
|z w020117
|
| 035 |
|
|
|a MAAR8205182911B
|
| 035 |
|
|
|9 mwa91-50418
|
| 035 |
|
|
|a 323648
|
| 035 |
|
|
|a aas03020117
|
| 040 |
|
|
|a MWA
|c MWA
|e bdrb
|d UtOrBLW
|
| 100 |
1 |
|
|a Mayhew, Jonathan,
|d 1720-1766.
|
| 245 |
1 |
2 |
|a A defence of the Observations on the charter and conduct of the Society for the Propagation of the Gospel in Foreign Parts :
|b against an anonymous pamphlet falsly intitled, A candid examination of Dr. Mayhew's Observations, &c. And also against the Letter to a friend annexed thereto, said to contain a short vindication of said Society. By one of its members. /
|c By Jonathan Mayhew, D.D. Pastor of the West Church in Boston. ; [Four lines of quotations].
|
| 264 |
|
3 |
|a Boston :
|b Printed and sold by R. and S. Draper, in Newbury-Street; Edes and Gill, in Queen-Street; and T. & J. Fleet, in Cornhill,
|c 1763.
|
| 300 |
|
|
|a 144 pages ;
|c 22 cm. (octavo)
|
| 336 |
|
|
|a text
|b txt
|2 rdacontent
|
| 337 |
|
|
|a computer
|b c
|2 rdamedia
|
| 338 |
|
|
|a online resource
|b cr
|2 rdacarrier
|
| 500 |
|
|
|a "Corrections."--page 144.
|
| 510 |
4 |
|
|a Evans
|c 9442
|
| 530 |
|
|
|a Microform version available in the Readex Early American Imprints series.
|
| 533 |
|
|
|a Electronic text and image data.
|b [Chester, Vt. :
|c Readex, a division of Newsbank, Inc.,
|d 2002-2004.
|e Includes files in TIFF, GIF and PDF formats with inclusion of keyword searchable text.
|f (Early American imprints. First series ; no. 9442).
|
| 500 |
|
|
|a Electronic resource.
|
| 600 |
1 |
0 |
|a Mayhew, Jonathan,
|d 1720-1766.
|t Observations on the charter and conduct of the Society for the Propagation of the Gospel in Foreign Parts.
|
| 600 |
1 |
0 |
|a Caner, Henry,
|d 1700-1792.
|t Candid examination of Dr. Mayhew's Observations.
|
| 600 |
1 |
0 |
|a Johnson, Samuel,
|d 1696-1772.
|t Short vindication of the Society for the Propagation of the Gospel.
|
| 600 |
1 |
0 |
|a Apthorp, East,
|d 1733-1816.
|t Considerations on the institution and conduct of the Society for the Propagation of the Gospel.
|
| 610 |
2 |
0 |
|a Society for the Propagation of the Gospel in Foreign Parts (Great Britain)
|
| 752 |
|
|
|a United States
|b Massachusetts
|d Boston.
|
| 830 |
|
0 |
|a Early American imprints.
|n Series I,
|p Evans (1639-1800) ;
|v no. 9442.
|
| 856 |
4 |
1 |
|u http://proxy.library.tamu.edu/login?url=https://opac.newsbank.com/select/evans/9442
|y Evans Digital Edition
|t 0
|
| 999 |
|
|
|a MARS
|
| 999 |
f |
f |
|s 8bcf0ea7-dd3d-3e69-8355-7727358b09e9
|i 822ecb0b-1b2a-379c-bd11-18b8c63cfc9e
|t 0
|
| 952 |
f |
f |
|a Texas A&M University
|b College Station
|c Electronic Resources
|s www_evans
|d Available Online
|t 0
|h No information provided
|
| 998 |
f |
f |
|t 0
|l Available Online
|